000 00483ntaaa2200181 4500
003 01
005 20251027202422.0
008 0714s1973 ag 01
040 _aAR-BaBN
_bspa
_cAR-BaBN
_eaacr
_dRIC
082 _a289.3000 L887
100 _aLoughborough, J.N.
_923036
245 _aThe great second advent movement
250 _a1 ed.
260 _aNashville :
_bSouthern Publishing Association,
_c1905
300 _axvii, 480 p
650 _aiglesia adventista
_95931
942 _cBK
999 _c19120
_d19120